书目信息 |
| 题名: |
药用天然产物的生物合成
|
|
| 作者: | 戴维克 编著 ;娄红祥 主译 | |
| 分册: | ||
| 出版信息: | 北京 化学工业出版社 2008 |
|
| 页数: | 452页 | |
| 开本: | 26cm | |
| 丛书名: | 国外药学专著译丛 | |
| 单 册: | ||
| 中图分类: | R93 | |
| 科图分类: | ||
| 主题词: | 生药学--生物合成 , 生药学 , 生物合成 | |
| 电子资源: | ||
| ISBN: | 978-7-122-00003-3 | |
| 000 | 01352oam2 2200325 45 | |
| 001 | 1029987910 | |
| 005 | 20100429093625.28 | |
| 010 | @a978-7-122-00003-3@dCNY69.00 | |
| 100 | @a20100420d2008 em y0chiy0120 ea | |
| 101 | 1 | @achi@ceng |
| 102 | @aCN@b110000 | |
| 105 | @ay z 001yy | |
| 106 | @ar | |
| 200 | 1 | @a药用天然产物的生物合成@AYao Yong Tian Ran Chan Wu De Sheng Wu He Cheng@dMedicinal natural products: a biosynthetic approach@f(英) 保罗·M. 戴维克(Paul M. Dewick)编著@F( Ying ) Bao Luo· M. Dai Wei Ke (Paul M. Dewick) Bian Zhu@g娄红祥主译@zeng |
| 210 | @a北京@c化学工业出版社@d2008 | |
| 215 | @a452页@d26cm | |
| 225 | @a国外药学专著译丛 | |
| 305 | @aJohn Wiley & Sons出版公司授权出版,据原书第2版译出 | |
| 320 | @a有索引(403-452) | |
| 330 | @a本书从生物合成的角度全面、系统地论述了天然产物的有关问题。全书以基本化学原理为基础,介绍了大量天然代谢产物,重点强调其在医药领域的应用:包括来源、生产方法、半合成衍生物、合成同类物以及活性模型等。 | |
| 461 | 0 | @12001 @a国外药学专著译丛 |
| 510 | 1 | @aMedicinal natural products: a biosynthetic approach@zeng |
| 606 | 0 | @a生药学@x生物合成 |
| 606 | 0 | @a生药学 |
| 606 | 0 | @a生物合成 |
| 690 | @aR93@v4 | |
| 701 | 1 | @a戴维克@ADai Wei Ke@g(Dewick, Paul M.)@4编著 |
| 702 | 0 | @a娄红祥@ALou Hong Xiang@4主译 |
| 801 | 0 | @aCN@bTANGWEI@c20100429 |
| 905 | @b0595325-27@dR93@e87@f3 | |
| 药用天然产物的生物合成=Medicinal natural products: a biosynthetic approach/(英) 保罗·M. 戴维克(Paul M. Dewick)编著/娄红祥主译.-北京:化学工业出版社,2008 |
| 452页;26cm.-(国外药学专著译丛) |
| ISBN 978-7-122-00003-3:CNY69.00 |
| 本书从生物合成的角度全面、系统地论述了天然产物的有关问题。全书以基本化学原理为基础,介绍了大量天然代谢产物,重点强调其在医药领域的应用:包括来源、生产方法、半合成衍生物、合成同类物以及活性模型等。 |
| ● |
| 相关链接 |
|
|
|
|
正题名:药用天然产物的生物合成
索取号:R93/87
 
预约/预借
| 序号 | 登录号 | 条形码 | 馆藏地/架位号 | 状态 | 备注 |
| 1 | 0595325 | 205953253 | 第二样本阅览室/ [索取号:R93/87] | 在馆 | |
| 2 | 0595326 | 205953262 | 第三借阅区/ [索取号:R93/87] | 在馆 | |
| 3 | 0595327 | 205953271 | 第三借阅区/ [索取号:R93/87] | 在馆 |